000 01136cad a22002295a 4500
001 L152959
008 110518s2004 xxk f 000 0 eng d
035 _a(Sirsi) u152959
041 0 _aeng
050 0 4 _a346.41043461218
110 2 _aUnited Kingdom
_kLaws, etc
_95044
245 0 0 _aLandlord and Tenant (Notice of Rent) (England) Regulations 2004
_h[electronic resource]
260 _aLondon
_bTSO
_c2004
490 0 _aSI
_v2004: 3096
520 _aSets out prescribed form and content of notices requiring payment and ground rent in accordance with Commonhold and Leasehold Reform Act 1002 s166(1) and (2). Correction notice issued April 2011 amends paragraph 3 relating to forfeiture action for non-payment.
650 2 4 _aCOMMONHOLD AND LEASEHOLD REFORM ACT 2002 S166(1)
650 2 4 _aCOMMONHOLD AND LEASEHOLD REFORM ACT 2002 S166(2)
651 4 _aEngland
_y886-
690 _aPROPERTY-RESIDENTIAL PROPERTY-RESIDENTIAL PROPERTY TENURE-LEASEHOLD RESIDENTIAL PROPERTY
856 4 0 _uhttps://www.legislation.gov.uk/uksi/2004/3096/pdfs/uksi_20043096_en.pdf
_zView this item free of charge at www.legislation.gov.uk
942 _n0
999 _c112298
_d112298